<?xml version="1.0" encoding="UTF-8"?>
<marc:record xmlns:marc="http://www.loc.gov/MARC21/slim">
   <marc:leader>00000nam a2200000 a 4500</marc:leader>
   <marc:datafield ind1="1" ind2=" " tag="100">
      <marc:subfield code="a">Monnier, Alain</marc:subfield>
      <marc:subfield code="4">aut</marc:subfield>
      <marc:subfield code="e">Verfasser/-in</marc:subfield>
   </marc:datafield>
   <marc:datafield ind1="0" ind2="0" tag="245">
      <marc:subfield code="a">Die wunderbare Welt des Kühlschranks in Zeiten mangelnder Liebe</marc:subfield>
   </marc:datafield>
   <marc:datafield ind1="0" ind2="0" tag="245">
      <marc:subfield code="c">Alain Monnier. Aus dem Franz. von Lis Künzli</marc:subfield>
   </marc:datafield>
   <marc:datafield ind1=" " ind2="1" tag="264">
      <marc:subfield code="a">Zürich</marc:subfield>
      <marc:subfield code="b">Arche</marc:subfield>
      <marc:subfield code="c">2015</marc:subfield>
   </marc:datafield>
   <marc:datafield ind1="1" ind2=" " tag="520">
      <marc:subfield code="a">Es sind ja immer die simplen Dinge im Leben, die Großes verändern. Da bestellt eine entzückende, etwas unterkühlte Französin in Toulouse einen neuen Kühlschrank - und der ist defekt. So weit, so normal. Aber dann: Marie - das ist die Schöne - ruft die Hotline der Firma an, die ihr das Haushaltsgerät verkauft hat, und was passiert? Nach und nach treffen 17 Kühlschränke in Maries Wohnung ein, während in Indonesien ein neues Thermostat auf seinen Transport ins ferne Frankreich wartet. Halb Europa ist unterwegs, um ihr zu helfen, und das bleibt natürlich nicht unbeobachtet: Das Fernsehen kommt, sogar die BILD aus Deutschland berichtet. Wie gut, dass Marie einen verlässlichen Freund an ihrer Seite hat. Er ist Schriftsteller und erzählt diese Geschichte so herzerwärmend komisch, dass mangels Kühlung nicht nur in Toulouse die Temperaturen steigen.</marc:subfield>
   </marc:datafield>
   <marc:datafield ind1=" " ind2=" " tag="020">
      <marc:subfield code="a">9783716027349</marc:subfield>
      <marc:subfield code="9">9783716027349</marc:subfield>
   </marc:datafield>
   <marc:datafield ind1=" " ind2=" " tag="020">
      <marc:subfield code="a">3716027340</marc:subfield>
      <marc:subfield code="9">3716027340</marc:subfield>
   </marc:datafield>
   <marc:datafield ind1=" " ind2=" " tag="041">
      <marc:subfield code="a">ger</marc:subfield>
   </marc:datafield>
   <marc:datafield ind1=" " ind2=" " tag="300">
      <marc:subfield code="a">158 S.</marc:subfield>
   </marc:datafield>
</marc:record>
